Éxito emprendedor

Bibliographic Details
Main Author: Urrutia M, Arnulfo
Format: Section = Libro
Language:Undetermined
Spanish
Published: Managua, Nicaragua [s.e.] 2006
Subjects:
LEADER 00514nam a2200193Ia 4500
008 240830s9999 xx 000 0 und d
020 |a 99924-918-0-9 
040 |a B-ESTELÍ- RUACS / 650.1 U81 
041 |a spa 
082 |a 650.1 U81 
100 1 |a Urrutia M, Arnulfo 
245 1 0 |a Éxito emprendedor 
260 |a Managua, Nicaragua  |b [s.e.]  |c 2006 
300 |a 224 p 
650 7 |a ACTITUD CREADORA EN LOS NEGOCIOS 
650 7 |b  EMPRESARIOS INDUSTRIALES-ENTREVISTAS 
942 |c BK  |2 ddc 
991 |a TEXTO 
999 |c 11388